| 000 | 007120000a22001810004500 | ||
|---|---|---|---|
| 003 | MACL | ||
| 005 | 20160603170612.0 | ||
| 008 | 160603b xxu||||| |||| 00| 0 eng d | ||
| 040 |
_aMACL _cMACL |
||
| 041 | _aHindi | ||
| 082 | _a920 | ||
| 100 |
_aजैन, यशपाल _940047 |
||
| 245 |
_aश्रद्धान्जलि स्व बनारसीदास चतुर्वेदी के महान व्यक्तित्व और कृतित्व का स्मरण _cयशपाल जैन |
||
| 260 |
_bचित्रकला संगम _c1986 _aदिल्ली |
||
| 350 | _a51 | ||
| 650 |
_aBiography _962268 |
||
| 942 |
_cHIN _k920/JAI _2ddc |
||
| 999 |
_c21369 _d21369 |
||